<?xml version="1.0" encoding="UTF-8"?>
<record
    xmlns:xsi="http://www.w3.org/2001/XMLSchema-instance"
    xsi:schemaLocation="http://www.loc.gov/MARC21/slim http://www.loc.gov/standards/marcxml/schema/MARC21slim.xsd"
    xmlns="http://www.loc.gov/MARC21/slim">

  <leader>00621nam a22001577a 4500</leader>
  <controlfield tag="003">OSt</controlfield>
  <controlfield tag="005">20160316153345.0</controlfield>
  <controlfield tag="008">160316b        xxu||||| |||| 00| 0 eng d</controlfield>
  <datafield tag="040" ind1=" " ind2=" ">
    <subfield code="c">RUA</subfield>
  </datafield>
  <datafield tag="082" ind1=" " ind2=" ">
    <subfield code="a">AGR HO 2012 B471 Or.1</subfield>
  </datafield>
  <datafield tag="100" ind1=" " ind2=" ">
    <subfield code="9">8027</subfield>
    <subfield code="a">HO CHEA ; &#x17A0;&#x17BC; &#x1787;&#x17B6;</subfield>
  </datafield>
  <datafield tag="245" ind1=" " ind2=" ">
    <subfield code="a">Controlling of insect and disease on tomato productivity , &#x179C;&#x17B7;&#x1792;&#x1790;&#x17B6;&#x1793;&#x1780;&#x17B6;&#x179A;&#x1780;&#x1798;&#x17D2;&#x1785;&#x17B6;&#x178F;&#x17CB;&#x179F;&#x178F;&#x17D2;&#x179C;&#x179B;&#x17D2;&#x17A2;&#x17B7;&#x178F;&#x1785;&#x1784;&#x17D2;&#x179A;&#x17C3; &#x1793;&#x17B7;&#x1784;&#x1787;&#x17C6;&#x1784;&#x17BA;&#x1793;&#x17C5;&#x179B;&#x17BE;&#x1795;&#x179B;&#x17B7;&#x178F;&#x1780;&#x1798;&#x17D2;&#x1798;&#x178A;&#x17C6;&#x178E;&#x17B6;&#x17C6;&#x1794;&#x17C9;&#x17C1;&#x1784;&#x1794;&#x17C9;&#x17C4;&#x17C7;</subfield>
  </datafield>
  <datafield tag="260" ind1=" " ind2=" ">
    <subfield code="a">Phnom Penh</subfield>
    <subfield code="b">RUA</subfield>
    <subfield code="c">2012</subfield>
  </datafield>
  <datafield tag="300" ind1=" " ind2=" ">
    <subfield code="a">xiii ;54p.</subfield>
    <subfield code="b">ill.</subfield>
    <subfield code="c">29cm.</subfield>
  </datafield>
  <datafield tag="942" ind1=" " ind2=" ">
    <subfield code="2">ddc</subfield>
    <subfield code="c">AGR</subfield>
  </datafield>
  <datafield tag="999" ind1=" " ind2=" ">
    <subfield code="c">7625</subfield>
    <subfield code="d">7625</subfield>
  </datafield>
  <datafield tag="952" ind1=" " ind2=" ">
    <subfield code="0">0</subfield>
    <subfield code="1">0</subfield>
    <subfield code="2">ddc</subfield>
    <subfield code="4">0</subfield>
    <subfield code="6">AGR_HO_2012_000000000000000_B471_OR_1</subfield>
    <subfield code="7">0</subfield>
    <subfield code="9">45251</subfield>
    <subfield code="a">LBB</subfield>
    <subfield code="b">LBB</subfield>
    <subfield code="c">B471</subfield>
    <subfield code="d">2016-03-16</subfield>
    <subfield code="l">2</subfield>
    <subfield code="o">AGR HO 2012 B471 Or.1</subfield>
    <subfield code="p">RUA057624</subfield>
    <subfield code="r">2016-07-27</subfield>
    <subfield code="s">2016-07-11</subfield>
    <subfield code="w">2016-03-16</subfield>
    <subfield code="y">AGR</subfield>
  </datafield>
</record>
